Statistics for Longest Living People on The Walking Dead

Click here to take the quiz!

General Stats

  • This quiz has been taken 180 times
    (94 since last reset)
  • The average score is 8 of 16

Answer Stats

First IntroducedAnswer% Correct
S1.e3Daryl Dixon
99%
S1.e3Carol Peletier
95%
S2.e2Maggie Rhee
87%
S6.e16Negan
78%
S4.e10Rosita Espinosa
66%
S4.e10Eugene Porter
62%
S3.e4Judith Grimes
57%
S5.e10Aaron
53%
S5.e2Gabriel Stokes
51%
S7.e2Ezekiel
42%
S7.e2Jerry
36%
S6.e1Scott
9%
S7.e2Dianne
9%
S7.e1Hershel Rhee
8%
S5.e13Barbara
5%
S6.e11Bertie
3%

Score Distribution

Percentile by Number Answered

Percent of People with Each Score

Your Score History

You have not taken this quiz since the last reset